Estadísticas para Depredadores terrestres más grandes

Haz click aquí para intentar la prueba.

Estadísticas generales

  • Esta prueba ha sido intentada 29 veces
  • La puntuación promedio es 12 de 20

Estadísticas de respuestas

ContinenteFamiliaAltura al Hombro (Promedio)Peso PromedioLongitudEspecie% Correcto
África, AsiaFélidos1m150Kg1m 80cmLeón
100%
África, AsiaFélidos90cm96,5Kg2m 50cmLeopardo
100%
América del Norte, Asia, EuropaÚrsidos1m 30cm515Kg2m 30cmOso Polar
100%
AsiaFélidos1m190Kg1m 80cmTigre
100%
África, AsiaFélidos1m72Kg2m 10cmGuepardo
90%
América del Norte, Asia, EuropaÚrsidos1m 30cm270Kg2m 30cmOso Pardo
90%
América del SurCánidos90cm25Kg1m 40cmAguara Guazú
76%
América del Norte, Asia, EuropaCánidos75cm50Kg1m 65cmLobo Gris
76%
América del Norte, América del SurFélidos1m 20cm120Kg3mPuma
76%
América del Norte, América del SurFélidos1m95Kg2m 50cmJaguar
71%
AsiaÚrsidos90cm110Kg75cmOso Bezudo
71%
América del NorteÚrsidos1m 20cm150Kg1m 70cmOso Negro Americano
71%
AsiaÚrsidos95cm100Kg1m 45cmOso Panda
38%
América del SurÚrsidos1m 10cm140Kg1m 50cmOso de Anteojos
24%
ÁfricaCánidos80cm67,5Kg1m 30cmHiena Manchada
14%
ÁfricaCánidos80cm40Kg1m 17cmHiena Parda
14%
África, AsiaCánidos70,5cm37,5Kg1m 10cmHiena Rayada
14%
AsiaFélidos75cm75Kg2m 50cmLeopardo de las Nieves
14%
Asia, EuropaFélidos75cm38Kg1m 50cmLince Boreal
14%
AsiaÚrsidos1m40Kg1m 10cmOso Malayo
14%

Distribución de puntuación

Porcentaje por número respondido

Porcentaje de gente con cada puntuación

Historial de tus puntuaciones

No has intentado esta prueba.